000 00785cam a2200289 a 4500
005 20260322212019.0
008 data
010 _a 99012770
020 _a0451527402 (pbk.)
020 _a9780451527400 (pbk.)
040 _aDLC
_cDLC
_dDLC
041 1 _aeng
_hang
050 0 0 _aPR1583
_b.R33 1999
082 0 0 _a829/.3
_221
092 _a829.3 R33 1999
130 0 _aBeowulf.
_lEnglish
245 1 0 _aBeowulf /
_cBurton Raffel.
260 _aNew York :
_bSignet Classic,
_c1999.
300 _a159 p. :
_bill. ;
_c18 cm.
500 _aPreviously published: New York : New American Library, 1963.
650 0 _aEpic poetry, English (Old)
650 0 _aMonsters
_vPoetry.
650 0 _aDragons
_vPoetry.
651 0 _aScandinavia
_xPoetry.
700 1 _aRaffel, Burton.
001 data
999 _c423
_d423